| 000 | 02209nac a22003371u 4500 | ||
|---|---|---|---|
| 008 | 100908t xxu||||| |||| 00| 0 eng d | ||
| 010 | _a2003044560 | ||
| 020 | _a007230491X (alk. paper) | ||
| 082 | 0 | 0 |
_a620.1054 _bVEC |
| 100 |
_a20080729 _918763 |
||
| 245 | 0 | 0 |
_aVector Mechanics for Engineers. Dynamics / _cFerdinand P. Beer ...[et al.] |
| 250 | _a7th ed. | ||
| 260 |
_aBoston : _bMcGraw-Hill Higher Education, _cc2004. |
||
| 300 |
_axxxi, 1326 p. : _bill. (some col.) ; _c26 cm. |
||
| 500 | _aRev. ed. of: Vector mechanics for engineers / Ferdinand P. Beer. 6th ed. c1997. | ||
| 500 | _aIncludes index. | ||
| 650 | 0 |
_aMechanics, Applied. _918764 |
|
| 650 | 0 |
_aVector analysis. _918765 |
|
| 650 | 0 |
_aStatics. _918766 |
|
| 650 | 0 |
_aDynamics. _918767 |
|
| 700 | 1 |
_aBeer, Ferdinand Pierre, _d1915- _918768 |
|
| 942 |
_cBB _k620.1054VEC _2ddc |
||
| 999 |
_c802 _d802 |
||